[Event "International Championship of Central Se"]
[Site "Paracin, hotel "]
[Date "2016.07.14"]
[Round "9.1"]
[White "Bojicic, Andjela"]
[Black "Mihov, Filip"]
[Result "1/2-1/2"]
[WhiteElo "2038"]
[BlackElo "1964"]
[PlyCount "41"]
[EventDate "2016.07.07"]

1. d4 d5 2. c4 e6 3. Nc3 Nf6 4. Bg5 Be7 5. cxd5 exd5 6. e3 c6 7. Nf3 Bf5 8. Bd3
Bxd3 9. Qxd3 Nbd7 10. O-O O-O 11. a3 Re8 12. b4 h6 13. Bh4 Ne4 14. Bxe7 Qxe7
15. Rab1 a6 16. Na4 b5 17. Nc5 Ndxc5 18. dxc5 a5 19. Nd4 Qb7 20. Ra1 axb4 21.
axb4 1/2-1/2

[Event "International Championship of Central Se"]
[Site "Paracin, hotel "]
[Date "2016.07.14"]
[Round "9.2"]
[White "Rajic, Momcilo"]
[Black "Gajin, Nikola"]
[Result "1/2-1/2"]
[WhiteElo "1937"]
[BlackElo "2069"]
[PlyCount "40"]
[EventDate "2016.07.07"]

1. d4 Nf6 2. c4 c5 3. e3 g6 4. Nc3 Bg7 5. Bd3 O-O 6. Nge2 Nc6 7. O-O cxd4 8.
exd4 d5 9. c5 Re8 10. h3 e6 11. Bg5 Bd7 12. Qd2 Rc8 13. Rac1 Nb4 14. Bb1 Nc6
15. a3 Qc7 16. b4 a6 17. b5 Na5 18. b6 Qd8 19. Ba2 Qe7 20. Ng3 Nc6 1/2-1/2

[Event "International Championship of Central Se"]
[Site "Paracin, hotel "]
[Date "2016.07.14"]
[Round "9.3"]
[White "Majstorovic, Dusan"]
[Black "Olcum, Ahmet"]
[Result "0-1"]
[WhiteElo "2031"]
[BlackElo "2083"]
[PlyCount "132"]
[EventDate "2016.07.07"]

1. e4 d6 2. d4 g6 3. Nf3 Bg7 4. Bc4 a6 5. O-O e6 6. Bg5 Ne7 7. Re1 Nd7 8. Nbd2
h6 9. Be3 O-O 10. Nf1 b5 11. Bb3 Bb7 12. Ng3 Nb6 13. c3 a5 14. Qe2 a4 15. Bc2
Nc4 16. Bc1 Qd7 17. Bd3 Rfb8 18. Rb1 c5 19. b3 axb3 20. axb3 Na5 21. Bxb5 Bc6
22. Bxc6 Nexc6 23. d5 Ne7 24. Qc2 exd5 25. Be3 dxe4 26. Nxe4 f5 27. Ng3 Nd5 28.
Bd2 Kh7 29. Red1 c4 30. b4 Nb3 31. Be1 Nc7 32. Nd2 Nxd2 33. Bxd2 Nb5 34. Ra1
Ra7 35. Rxa7 Qxa7 36. h4 h5 37. Re1 Qf7 38. Nf1 Qf6 39. Rc1 Qxh4 40. Ne3 f4 41.
Nxc4 Rc8 42. Qe4 d5 43. Qxd5 f3 44. Ne3 Rd8 45. Qxb5 Rxd2 46. g3 Qf6 47. Qb7 h4
48. Qc8 hxg3 49. Qh3+ Bh6 50. Qxg3 Bxe3 51. fxe3 Rg2+ 52. Qxg2 fxg2 53. Kxg2
Qc6+ 54. Kf2 g5 55. c4 g4 56. Ke2 Qf3+ 57. Kd3 g3 58. c5 g2 59. Kd4 Qf1 60.
Rxf1 gxf1=Q 61. Kd5 Kg7 62. c6 Kf7 63. Kd6 Qd3+ 64. Kc7 Ke7 65. e4 Qb5 66. e5
Qxe5+ 0-1

[Event "International Championship of Central Se"]
[Site "Paracin, hotel "]
[Date "2016.07.14"]
[Round "9.4"]
[White "Trifunovic, Borisav"]
[Black "Hasman, Cengiz"]
[Result "0-1"]
[WhiteElo "2023"]
[BlackElo "2072"]
[PlyCount "76"]
[EventDate "2016.07.07"]

1. d4 g6 2. c4 Bg7 3. Nc3 d6 4. e4 Nc6 5. Be3 e5 6. d5 Nce7 7. c5 f5 8. cxd6
cxd6 9. f3 Nf6 10. Bb5+ Bd7 11. Qa4 O-O 12. Bxd7 Nxd7 13. Nb5 Nc5 14. Bxc5 dxc5
15. d6 Nc6 16. Qc4+ Kh8 17. Ne2 fxe4 18. Qxe4 Qa5+ 19. Nbc3 Rad8 20. O-O-O Nd4
21. Qd5 Qa6 22. Nxd4 Rxd6 23. Qb3 cxd4 24. Ne4 Rc8+ 25. Kb1 Rb6 26. Qd5 h6 27.
Rhe1 Qa4 28. Rc1 Rbc6 29. Nd6 Rxc1+ 30. Rxc1 Rxc1+ 31. Kxc1 Qb4 32. Kc2 Qe1 33.
g4 Qe2+ 34. Kb3 e4 35. Qxe4 d3 36. Nc4 b5 37. Qxg6 bxc4+ 38. Kxc4 d2+ 0-1

[Event "International Championship of Central Se"]
[Site "Paracin, hotel "]
[Date "2016.07.14"]
[Round "9.5"]
[White "Brkic, Toma"]
[Black "Jakovljevic, Dejan"]
[Result "1/2-1/2"]
[WhiteElo "2069"]
[BlackElo "2016"]
[PlyCount "42"]
[EventDate "2016.07.07"]

1. e4 e6 2. d4 d5 3. Bd3 c5 4. dxc5 Bxc5 5. exd5 exd5 6. Ne2 Nf6 7. O-O O-O 8.
Bg5 Nc6 9. Nbc3 Be7 10. Re1 h6 11. Bh4 Nb4 12. Bb5 Bf5 13. Nd4 Bg6 14. a3 a6
15. axb4 axb5 16. Rxa8 Qxa8 17. Rxe7 Ne4 18. Nxd5 Qd8 19. Ne6 fxe6 20. Rxg7+
Kxg7 21. Bxd8 Rxd8 1/2-1/2

[Event "International Championship of Central Se"]
[Site "Paracin, hotel "]
[Date "2016.07.14"]
[Round "9.6"]
[White "Ostojic, Nikola M"]
[Black "Maksimovic, Masa"]
[Result "1/2-1/2"]
[WhiteElo "2050"]
[BlackElo "1854"]
[PlyCount "75"]
[EventDate "2016.07.07"]

1. d4 Nf6 2. c4 c5 3. d5 b5 4. cxb5 a6 5. bxa6 Bxa6 6. Nc3 g6 7. e4 Bxf1 8.
Kxf1 d6 9. g3 Bg7 10. Kg2 O-O 11. Nf3 Nbd7 12. Re1 Ng4 13. Nd2 Nge5 14. Qe2 Nb6
15. a4 c4 16. a5 Qc8 17. Ra3 Nbd7 18. Rd1 Qc5 19. f4 Nd3 20. Nxc4 Nxc1 21. Rxc1
Rfc8 22. Na4 Qb4 23. Nab6 Nxb6 24. axb6 Rab8 25. Rc2 Bd4 26. Qd3 Bxb6 27. Nxb6
Rxc2+ 28. Qxc2 Qxb6 29. h4 h5 30. Rc3 Qxb2 31. Qxb2 Rxb2+ 32. Kf3 Kg7 33. Rd3
Kf6 34. Ke3 Ra2 35. Kf3 Ra1 36. Ke2 Ra4 37. Ke3 Ra2 38. Kf3 1/2-1/2

[Event "International Championship of Central Se"]
[Site "Paracin, hotel "]
[Date "2016.07.14"]
[Round "9.7"]
[White "Zivanovic, Blagoje"]
[Black "Zajic, Milun"]
[Result "1/2-1/2"]
[WhiteElo "2078"]
[BlackElo "2026"]
[PlyCount "104"]
[EventDate "2016.07.07"]

1. e4 d5 2. Nc3 dxe4 3. Nxe4 Qd5 4. Nc3 Qd6 5. d4 Nf6 6. Bc4 c6 7. Nf3 Bf5 8.
h3 e6 9. O-O Qc7 10. Qe2 Be7 11. Be3 Nbd7 12. a4 O-O 13. Bb3 h6 14. Rfd1 Rfd8
15. Nd2 Bh7 16. g3 Bd6 17. Kg2 Rac8 18. Nc4 Nd5 19. Nxd5 cxd5 20. Nxd6 Qxd6 21.
c3 Be4+ 22. f3 Bg6 23. Re1 Qb6 24. Ba2 Qc6 25. Bf4 Nb6 26. a5 Nc4 27. Bxc4 Qxc4
28. Qxc4 Rxc4 29. Bd2 Rdc8 30. Ra3 R8c7 31. Kf2 R4c6 32. h4 Rc4 33. Kg2 Kf8 34.
Kf2 Bc2 35. Rc1 Bg6 36. Re1 Bc2 37. Rc1 Bd3 38. Bf4 Rd7 39. Ke3 Bg6 40. Kd2 Rc6
41. Re1 Ke7 42. Rc1 Rd8 43. Re1 Rd7 44. g4 h5 45. Rg1 hxg4 46. fxg4 Be4 47. Rb3
Bg6 48. Rg3 Be4 49. h5 Rc8 50. Rh3 f6 51. g5 fxg5 52. Bxg5+ Kd6 1/2-1/2

[Event "International Championship of Central Se"]
[Site "Paracin, hotel "]
[Date "2016.07.14"]
[Round "9.8"]
[White "Jankov, Saso"]
[Black "Zlatanovic, Zoran"]
[Result "1-0"]
[WhiteElo "2007"]
[BlackElo "2073"]
[PlyCount "121"]
[EventDate "2016.07.07"]

1. d4 Nf6 2. e3 c5 3. c3 b6 4. Nf3 Bb7 5. Bd3 d6 6. Nbd2 Nbd7 7. e4 e5 8. d5 a6
9. a4 g6 10. h3 Nh5 11. Nf1 Nf4 12. Bxf4 exf4 13. N1h2 Qe7 14. O-O Bg7 15. Qd2
g5 16. Rfe1 Be5 17. Rac1 h5 18. b4 Rc8 19. Qe2 Ra8 20. Nd2 Bc8 21. f3 Qf6 22.
Nc4 Kf8 23. bxc5 bxc5 24. Qb2 Rb8 25. Qc2 Kg7 26. Na5 Nf8 27. Nc6 Ra8 28. Be2
Ng6 29. a5 Bd7 30. Red1 Rhc8 31. Nxe5 Nxe5 32. Rb1 c4 33. Rb7 Bb5 34. Rd4 Rc5
35. Nf1 Rac8 36. Nd2 Qd8 37. Rb6 Qe7 38. Qb1 Qc7 39. Qc2 Re8 40. Kh2 Nd7 41.
Qb1 Nxb6 42. axb6 Qxb6 43. Bxc4 Qc7 44. Bxb5 axb5 45. Qb2 f6 46. Rd3 Qa7 47.
Nb3 Rc4 48. Nd4 Qa6 49. Nf5+ Kg6 50. Rd1 g4 51. Qd2 g3+ 52. Kh1 Qa4 53. Rg1
Rcxe4 54. fxe4 Qxe4 55. Nxd6 Qe2 56. Qxf4 Re5 57. Qxg3+ Rg5 58. Qf3 Qe5 59.
Nxb5 Rg3 60. Qf2 h4 61. Rf1 1-0

[Event "International Championship of Central Se"]
[Site "Paracin, hotel "]
[Date "2016.07.14"]
[Round "9.9"]
[White "Arandjelovic, Aleksandar Z"]
[Black "Stojkovic, Zoran"]
[Result "0-1"]
[WhiteElo "2073"]
[BlackElo "1952"]
[PlyCount "104"]
[EventDate "2016.07.07"]

1. d4 Nf6 2. c4 g6 3. Nc3 Bg7 4. e4 d6 5. f3 O-O 6. Be3 Nbd7 7. Qd2 c6 8. Bd3
c5 9. d5 Ne5 10. Nge2 Nfd7 11. O-O Nxd3 12. Qxd3 Ne5 13. Qc2 Nxc4 14. Bg5 a6
15. b3 Ne5 16. h3 b5 17. f4 Nd7 18. Rad1 Bb7 19. Bh4 Re8 20. g4 Rc8 21. Kh2 Qc7
22. Bg3 Qb6 23. Bf2 Qa5 24. Rb1 Bf6 25. Rfd1 Qc7 26. Bg3 Nf8 27. Rd2 Bg7 28.
Rbd1 Qd7 29. Qb1 a5 30. Bf2 b4 31. Na4 Qc7 32. Rc2 Ba6 33. Nb2 Bb5 34. Qc1 Nd7
35. Qe3 Nb6 36. h4 Qa7 37. h5 Qd7 38. Rg1 Rc7 39. Qh3 Rec8 40. f5 a4 41. Kh1
axb3 42. axb3 Ra7 43. hxg6 hxg6 44. Nf4 Ra2 45. Rb1 Be5 46. Nxg6 fxg6 47. fxg6
e6 48. dxe6 Qg7 49. g5 Qxg6 50. Qf5 Qh5+ 51. Kg2 Qh2+ 52. Kf3 Rf8 0-1

[Event "International Championship of Central Se"]
[Site "Paracin, hotel "]
[Date "2016.07.14"]
[Round "9.10"]
[White "Isak, Igor G"]
[Black "Miljkovic, Jovana"]
[Result "1/2-1/2"]
[WhiteElo "2064"]
[BlackElo "1973"]
[PlyCount "125"]
[EventDate "2016.07.07"]

1. f4 d5 2. Nf3 g6 3. e3 Bg7 4. d4 Nh6 5. b3 c5 6. Bb2 Nc6 7. Be2 O-O 8. O-O b6
9. Ne5 Nxe5 10. dxe5 Nf5 11. Qd2 h5 12. Bf3 Bb7 13. c4 e6 14. Nc3 Nxe3 15. Qxe3
d4 16. Qf2 dxc3 17. Bxc3 Bxf3 18. Qxf3 Qc7 19. Rad1 Rfd8 20. h3 Rxd1 21. Rxd1
Rd8 22. Rd3 Bh6 23. g3 Kh7 24. Kf2 Rxd3 25. Qxd3 Qb7 26. Qf3 Qxf3+ 27. Kxf3 g5
28. fxg5 Bxg5 29. b4 Be7 30. b5 Kg6 31. Ke4 Bd8 32. Bd2 Be7 33. a4 Bd8 34. Be1
Be7 35. a5 Bd8 36. Bf2 Be7 37. a6 Bd8 38. Kf4 Bc7 39. Ke4 Bd8 40. Be1 Bg5 41.
Bc3 Be7 42. Kf4 Bg5+ 43. Ke4 Be7 44. Bd2 Bd8 45. Be3 Be7 46. Bf2 Bd8 47. Kf4
Bg5+ 48. Ke4 Be7 49. g4 Bd8 50. gxh5+ Kxh5 51. Be3 Be7 52. Bf2 Bd8 53. h4 Be7
54. Be3 Kxh4 55. Bf4 Kh5 56. Bd2 Bg5 57. Ba5 Bd8 58. Be1 Kg4 59. Bd2 Kh5 60.
Be3 Kg6 61. Bf2 Be7 62. Be3 Bd8 63. Bf2 1/2-1/2

[Event "International Championship of Central Se"]
[Site "Paracin, hotel "]
[Date "2016.07.14"]
[Round "9.11"]
[White "Ostojic, Milos R"]
[Black "Tomic, Slobodan"]
[Result "1-0"]
[WhiteElo "2025"]
[BlackElo "2032"]
[PlyCount "173"]
[EventDate "2016.07.07"]

1. e4 c5 2. c3 Nf6 3. e5 Nd5 4. d4 cxd4 5. cxd4 d6 6. Nf3 e6 7. Bc4 Nc6 8. O-O
Be7 9. Qe2 O-O 10. Re1 Bd7 11. Qe4 dxe5 12. dxe5 Nb6 13. Bb3 Na5 14. Bc2 g6 15.
Bh6 Re8 16. Nbd2 Rc8 17. Rad1 Bc6 18. Qg4 Qc7 19. Be4 Nd5 20. h4 Bd7 21. Ng5
Nc6 22. Bxd5 exd5 23. e6 fxe6 24. Nxe6 Bxh4 25. Qxh4 Bxe6 26. Nf3 Qf7 27. Bd2
Bf5 28. Bc3 Rxe1+ 29. Rxe1 Rf8 30. Nd4 Re8 31. Rd1 Re4 32. Qg3 Nxd4 33. Rxd4
Rxd4 34. Bxd4 Qe6 35. Qc7 Qd7 36. Qe5 h5 37. Qh8+ Kf7 38. Qg7+ Ke8 39. Qh8+ Kf7
40. Qf6+ Ke8 41. Bc5 Qe6 42. Qf8+ Kd7 43. Qb8 Qc6 44. Qxa7 Qc7 45. Qa4+ Qc6 46.
Qd4 Qe6 47. Qg7+ Kc6 48. Be3 Qe4 49. Qf6+ Qe6 50. Qc3+ Kd7 51. Qb4 Qc6 52. a4
Kc8 53. Qf8+ Kd7 54. Qf7+ Kc8 55. Qf8+ Kd7 56. Qb4 Kc8 57. Qa5 Kd7 58. b4 Qd6
59. Bd4 Ke6 60. b5 h4 61. Qe1+ Kd7 62. Qc3 h3 63. gxh3 Qe6 64. Kh2 Qe2 65. Bc5
Be4 66. Qg7+ Ke6 67. Qe7+ Kf5 68. Qd7+ Ke5 69. Qe7+ Kf5 70. Bd4 Bf3 71. Qf6+
Ke4 72. Kg3 Bh5 73. Qe5+ Kd3 74. Qxd5 Qe4 75. Qxe4+ Kxe4 76. Be3 Kd5 77. f3 Kc4
78. Bd2 Kc5 79. Kf4 g5+ 80. Kxg5 Bxf3 81. h4 Bd1 82. Be3+ Kc4 83. h5 Bxa4 84.
b6 Bc2 85. Kf6 Kd3 86. Bf2 Ke2 87. Bg1 1-0

[Event "International Championship of Central Se"]
[Site "Paracin, hotel "]
[Date "2016.07.14"]
[Round "9.13"]
[White "Vujcic, Milena"]
[Black "Colovic, Zoran"]
[Result "0-1"]
[WhiteElo "1906"]
[BlackElo "2099"]
[PlyCount "136"]
[EventDate "2016.07.07"]

1. e4 c5 2. Nf3 Nc6 3. d4 cxd4 4. Nxd4 Nf6 5. Nc3 e5 6. Ndb5 d6 7. Bg5 a6 8.
Na3 b5 9. Bxf6 gxf6 10. Nd5 Bg7 11. c3 f5 12. exf5 Bxf5 13. Nc2 O-O 14. Nce3
Be6 15. Bd3 f5 16. O-O Ra7 17. Be2 f4 18. Nc2 e4 19. Bg4 Bxg4 20. Qxg4 Ne5 21.
Qe2 f3 22. Qxe4 fxg2 23. Qxg2 Nf3+ 24. Kh1 Raf7 25. Nd4 Nxd4 26. cxd4 Kh8 27.
Qe4 Re8 28. Qg2 Bxd4 29. Qg4 Bxb2 30. Rad1 Rg8 31. Qe6 Qf8 32. Rd2 Qg7 33. f4
Bd4 34. Qe1 Rf5 35. Ne7 Rxf4 36. Nxg8 Qb7+ 37. Rg2 Rg4 38. Qe2 Rxg8 39. Rf3 Rc8
40. Qf1 Qa8 41. h4 Bg7 42. Rf7 Rg8 43. Qd3 Qe8 44. Rf1 Qe5 45. Rg5 Qe6 46. Rfg1
Qf6 47. Qe4 Qf7 48. h5 Re8 49. Qg4 Be5 50. Rf5 Qd5+ 51. Qf3 Qxf3+ 52. Rxf3 Bd4
53. Rg2 Re1+ 54. Kh2 Be5+ 55. Kh3 Rh1+ 56. Kg4 Kg7 57. Kg5 h6+ 58. Kf5+ Kf7 59.
Ke4+ Ke7 60. Ra3 Rh4+ 61. Kf5 Rxh5+ 62. Kg6 Rh1 63. Rxa6 Ke6 64. Rb6 h5 65.
Rxb5 h4 66. Rb3 h3 67. Re2 h2 68. Kh5 Ra1 0-1

[Event "International Championship of Central Se"]
[Site "Paracin, hotel "]
[Date "2016.07.14"]
[Round "9.14"]
[White "Pribanovic, Milivoje"]
[Black "Djordjevic, Gradimir"]
[Result "0-1"]
[WhiteElo "1896"]
[BlackElo "2072"]
[PlyCount "51"]
[EventDate "2016.07.07"]

1. e4 e5 2. Nf3 Nc6 3. Bb5 a6 4. Ba4 b5 5. Bb3 Nf6 6. O-O Be7 7. c3 O-O 8. Re1
d6 9. h3 Na5 10. Bc2 c5 11. d3 h6 12. Nbd2 Nc6 13. a3 Qc7 14. Nf1 Nh7 15. Ng3
Nd8 16. Be3 Ne6 17. Qd2 Nhg5 18. Nxg5 hxg5 19. b3 g6 20. a4 Bd7 21. axb5 axb5
22. Rac1 Kg7 23. d4 Nf4 24. Ne2 Rh8 25. g3 Nxe2+ 26. Qxe2 0-1

[Event "International Championship of Central Se"]
[Site "Paracin, hotel "]
[Date "2016.07.14"]
[Round "9.15"]
[White "Ratkovic, Petar"]
[Black "Kracunov, Bozidar"]
[Result "1/2-1/2"]
[WhiteElo "1866"]
[BlackElo "2069"]
[PlyCount "119"]
[EventDate "2016.07.07"]

1. d4 e6 2. Nf3 d5 3. e3 c5 4. b3 Nf6 5. Nbd2 Nc6 6. Bb2 Bd6 7. a3 cxd4 8. exd4
a5 9. Bd3 O-O 10. O-O Qc7 11. Qe2 Re8 12. Ne5 Qb6 13. Ndf3 h6 14. Rad1 Qc7 15.
Rc1 Qe7 16. Ra1 Bd7 17. Rfd1 Rac8 18. h3 Rc7 19. c4 b6 20. Nxd7 Qxd7 21. Ne5
Qe7 22. Nxc6 Rxc6 23. c5 bxc5 24. Bb5 Rb6 25. Bxe8 Nxe8 26. Qc2 c4 27. bxc4
dxc4 28. Ra2 Qb7 29. Bc3 Qd5 30. Qa4 Qb5 31. Qxb5 Rxb5 32. Rc1 Bf4 33. Bd2 Bxd2
34. Rxd2 Nd6 35. Rc3 Ne4 36. Rdc2 Nxc3 37. Rxc3 Rb3 38. Rxc4 Rxa3 39. Kh2 g5
40. f3 Kg7 41. Kg3 Ra2 42. Rc5 a4 43. d5 exd5 44. Rxd5 Rb2 45. Ra5 Rb4 46. Kf2
Kg6 47. g4 Rf4 48. Kg3 h5 49. h4 f6 50. gxh5+ Kxh5 51. hxg5 fxg5 52. Ra6 Rb4
53. Kh3 Rb3 54. Rxa4 Rxf3+ 55. Kg2 Rb3 56. Ra2 Kh4 57. Re2 Rg3+ 58. Kh2 Rf3 59.
Kg2 Rd3 60. Kh2 1/2-1/2

[Event "International Championship of Central Se"]
[Site "Paracin, hotel "]
[Date "2016.07.14"]
[Round "9.16"]
[White "Georgieva, Emilia"]
[Black "Golubovic, Marko"]
[Result "1-0"]
[WhiteElo "1851"]
[BlackElo "2023"]
[PlyCount "79"]
[EventDate "2016.07.07"]

1. d4 Nf6 2. Nf3 g6 3. Bg5 Bg7 4. c3 O-O 5. e3 d6 6. Nbd2 c5 7. Bd3 b6 8. h4 h5
9. Bxf6 Bxf6 10. Qc2 Kg7 11. Ne4 Bb7 12. Neg5 Bxf3 13. Ne6+ fxe6 14. gxf3 Kh6
15. Bxg6 Rg8 16. Bf7 Rg7 17. Bxe6 d5 18. O-O-O Nd7 19. Bxd5 Rb8 20. Qf5 Nf8 21.
Rdg1 Qd6 22. Rxg7 Bxg7 23. Qg5+ Kh7 24. Qxh5+ Qh6 25. Qf7 Qf6 26. Qg8+ Kh6 27.
Rg1 cxd4 28. cxd4 Rd8 29. Rg5 e6 30. Be4 Rc8+ 31. Kd2 Rc7 32. f4 Rd7 33. Ke2 a6
34. Kf3 Qf7 35. Kg4 Bf6 36. Qxf7 Rxf7 37. Rh5+ Kg7 38. a4 Rc7 39. a5 b5 40. b3
1-0

[Event "International Championship of Central Se"]
[Site "Paracin, hotel "]
[Date "2016.07.14"]
[Round "9.17"]
[White "Okuyaz, Duru"]
[Black "Krstic, Milos"]
[Result "1-0"]
[WhiteElo "1844"]
[BlackElo "1966"]
[PlyCount "133"]
[EventDate "2016.07.07"]

1. e4 c5 2. Nf3 Nc6 3. d4 cxd4 4. Nxd4 e5 5. Nb5 d6 6. N1c3 a6 7. Na3 Be6 8.
Nc4 b5 9. Ne3 Nf6 10. Bd3 Be7 11. Ncd5 O-O 12. O-O Nd7 13. c3 Bg5 14. Qh5 g6
15. Qf3 Bh6 16. a4 bxa4 17. Bc2 Nc5 18. Nf6+ Kg7 19. Ned5 Bxc1 20. Rfxc1 Bxd5
21. Nxd5 Na5 22. Re1 Nab3 23. Rad1 f6 24. h4 Ne6 25. g3 Nbc5 26. Qg4 h5 27. Qh3
Kf7 28. f4 Ng7 29. Rf1 Kg8 30. g4 Rb8 31. Rb1 Kh7 32. f5 hxg4 33. fxg6+ Kxg6
34. Qxg4+ Kh6 35. Kh2 Qd7 36. Qg2 Nh5 37. Rg1 Rg8 38. Qd2+ Kh7 39. Qe2 Qf7 40.
Qf3 Rxg1 41. Rxg1 Rxb2 42. Qf5+ Kh8 43. Qc8+ Kh7 44. Qf5+ Kh8 45. Ne3 Ng7 46.
Qc8+ Kh7 47. Qg4 Nce6 48. Kh1 a3 49. Bd3 Qh5 50. Qg3 a2 51. Nf5 Qf7 52. Ne3 Nh5
53. Qg4 Nef4 54. Qf5+ Kh8 55. Qc8+ Kh7 56. Qf5+ Kh8 57. Bc4 Ng3+ 58. Rxg3 a1=Q+
59. Rg1 Rb1 60. Qc8+ Kh7 61. Qf5+ Ng6 62. Qh5+ Kg7 63. Nf5+ Kf8 64. Qh6+ Ke8
65. Bxf7+ Kd7 66. Qxg6 Kc6 67. Ne7+ 1-0

[Event "International Championship of Central Se"]
[Site "Paracin, hotel "]
[Date "2016.07.14"]
[Round "9.18"]
[White "Mirkovic, Dejan"]
[Black "Petrovic, Petar R"]
[Result "0-1"]
[WhiteElo "1824"]
[BlackElo "1964"]
[PlyCount "86"]
[EventDate "2016.07.07"]

1. d4 Nf6 2. c4 e6 3. a3 d5 4. Nc3 Be7 5. Bf4 a6 6. e3 O-O 7. Bd3 dxc4 8. Bxc4
b5 9. Bd3 Bb7 10. Nf3 c5 11. dxc5 Bxc5 12. O-O Nbd7 13. Qe2 Re8 14. Rfd1 Qb6
15. Ne5 Red8 16. Nxd7 Rxd7 17. Bg5 Qc6 18. f3 Nd5 19. Rac1 Qb6 20. Nxd5 Rxd5
21. b4 Rxg5 22. bxc5 Rxc5 23. Rb1 Re5 24. Kf2 Rc8 25. f4 Rec5 26. Qd2 e5 27.
Rb4 a5 28. Rxb5 Rxb5 29. Bxb5 Qxb5 30. Qd8+ Qe8 31. Qxa5 exf4 32. e4 Bxe4 33.
Rd2 f5 34. Qb4 Qc6 35. Qb3+ Qc4 36. Rd8+ Kf7 37. Rd7+ Ke8 38. Qxc4 Rxc4 39.
Rxg7 Rc2+ 40. Kf1 Ra2 41. h4 h6 42. h5 Kf8 43. Rh7 Rxa3 0-1

[Event "International Championship of Central Se"]
[Site "Paracin, hotel "]
[Date "2016.07.14"]
[Round "9.19"]
[White "Radovanovic, Danko"]
[Black "Ranic, Viktor"]
[Result "1-0"]
[WhiteElo "1824"]
[BlackElo "1953"]
[PlyCount "103"]
[EventDate "2016.07.07"]

1. c4 c5 2. Nc3 Nf6 3. Nf3 Nc6 4. e3 d6 5. d4 Bg4 6. Be2 e6 7. b3 Be7 8. Bb2
O-O 9. h3 Bh5 10. O-O a6 11. d5 exd5 12. Nxd5 Nxd5 13. Qxd5 Bxf3 14. Bxf3 Bf6
15. Qd2 Bxb2 16. Qxb2 Qe7 17. Rad1 Ne5 18. Bd5 Rad8 19. f4 Nc6 20. Rf3 Qh4 21.
Kh2 Rd7 22. Rg3 Qh6 23. Rf1 Re8 24. Rff3 Rde7 25. Rxg7+ Qxg7 26. Rg3 Qxg3+ 27.
Kxg3 Rxe3+ 28. Kg4 Nd4 29. b4 Re2 30. Qa3 Nc2 31. Qg3 Kf8 32. bxc5 Ne3+ 33. Kh5
Nf5 34. Qg5 Ng7+ 35. Kh6 R8e6+ 36. Bxe6 Rxe6+ 37. Kxh7 Rg6 38. Qd8+ Ne8 39.
cxd6 Rxd6 40. Qb8 b6 41. g3 Ke7 42. Qb7+ Kf8 43. Qc8 Ke7 44. Qb7+ Kf8 45. Qa8
a5 46. g4 Ke7 47. g5 Rg6 48. h4 Kf8 49. f5 Rd6 50. h5 a4 51. f6 a3 52. Qxa3 1-0

[Event "International Championship of Central Se"]
[Site "Paracin, hotel "]
[Date "2016.07.14"]
[Round "9.20"]
[White "Radovanovic, Miroljub B"]
[Black "Andjelic, Djordje"]
[Result "1-0"]
[WhiteElo "1945"]
[BlackElo "1670"]
[PlyCount "93"]
[EventDate "2016.07.07"]

1. e4 e5 2. Nf3 d6 3. d4 exd4 4. Nxd4 Nf6 5. Nc3 Be7 6. Be2 O-O 7. O-O Nc6 8.
Be3 h6 9. h3 Nh7 10. Nd5 Nxd4 11. Bxd4 Bf6 12. Nxf6+ Nxf6 13. Bd3 Re8 14. Qf3
Bd7 15. Rad1 Bc6 16. Bxf6 Qxf6 17. Qxf6 gxf6 18. f3 Re7 19. Bc4 Kg7 20. Kf2
Rae8 21. Rfe1 a6 22. Bd5 Bxd5 23. Rxd5 Re5 24. g4 Rxd5 25. exd5 Rxe1 26. Kxe1
f5 27. Ke2 fxg4 28. hxg4 Kf6 29. f4 Kg6 30. f5+ Kg5 31. Kf3 h5 32. gxh5 Kxf5
33. h6 Kg6 34. Kf4 Kxh6 35. Kf5 Kg7 36. a4 a5 37. c3 c6 38. dxc6 bxc6 39. b4
axb4 40. cxb4 c5 41. bxc5 dxc5 42. a5 c4 43. Ke4 f5+ 44. Kd4 f4 45. Kxc4 Kf6
46. a6 Kg5 47. a7 1-0